Statistics for Neighboring countries with consecutive initials

Click here to take the quiz!

General Stats

  • This quiz has been taken 27 times
    (22 since last reset)
  • The average score is 28 of 38

Answer Stats

Answer% Correct
Argentina
100%
Argentina
100%
Bolivia
100%
Bolivia
100%
Brazil
100%
Brazil
100%
Chile
100%
Colombia
100%
China
95%
Bhutan
84%
France
79%
Germany
79%
Mali
79%
Niger
79%
Burkina Faso
74%
Israel
74%
Jordan
74%
Jordan
74%
Myanmar
74%
Burundi
68%
Ethiopia
68%
Iraq
68%
Laos
68%
Romania
68%
Turkey
68%
Djibouti
63%
Djibouti
63%
Eritrea
63%
Serbia
63%
Syria
63%
Guatemala
58%
Honduras
58%
Bosnia and Herzegovina
53%
Croatia
53%
Tanzania
53%
Turkmenistan
53%
Uganda
47%
Uzbekistan
47%

Score Distribution

Percentile by Number Answered

Percent of People with Each Score

Your Score History

You have not taken this quiz since the last reset